[Event "Grand Chess Tour 2016"]
[Site "Leuven"]
[Date "17.06.2016"][Round "1R"]
[White "Caruana, Fabiano"]
[Black "Topalov, Veselin"]
[Result "1-0"]
[WhiteTitle "GM"]
[BlackTitle "GM"]
[WhiteElo "2804"]
[BlackElo "2761"]
[WhiteFideId "2020009"]
[BlackFideId "2900084"]
[EventDate "2016.06.17"]

1. e4 e5 2. Nf3 Nc6 3. Bb5 Nf6 4. d3 Bc5 5. Bxc6 dxc6 6. Nbd2 Be6 7. Nb3 Bd6 8.
Na5 Rb8 9. Bd2 O-O 10. Qe2 Re8 11. h3 Nd7 12. Ng5 Nf8 13. Nxe6 Nxe6 14. Qg4 Bc5
15. O-O Qe7 16. Nc4 f6 17. Kh1 Rbd8 18. Ne3 Bxe3 19. fxe3 c5 20. Bc3 Ng5 21. b3
Qe6 22. Qh5 b5 23. Qe2 Rd7 24. Ba5 Red8 25. Rfd1 Qa6 26. Be1 c4 27. Bh4 Nf7 28.
Rd2 cxd3 29. cxd3 b4 30. Rad1 Nd6 31. Qg4 Nb5 32. Rf2 Rd6 33. Rdf1 Qc8 34. Rf5
c5 35. Qg3 Kh8 36. Rxf6 gxf6 37. Rxf6 R8d7 38. Qxe5 Kg8 39. Re6 Rxe6 40. Qxe6+
Kf8 41. Bg5 Qc7 42. Bh6+ Rg7 43. e5 Nc3 44. d4 cxd4 45. exd4 Qf7 46. Qc8+ Ke7
47. Qb7+ Ke6 48. Qc6+ Ke7 49. Bxg7 Qxg7 50. Qb7+ Kf8 51. Qxb4+ 1-0

[Event "Grand Chess Tour 2016"]
[Site "Leuven"]
[Date "17.06.2016"][Round "1R"]
[White "Aronian, Levon"]
[Black "Giri, Anish"]
[Result "1-0"]
[WhiteTitle "GM"]
[BlackTitle "GM"]
[WhiteElo "2792"]
[BlackElo "2782"]
[WhiteFideId "13300474"]
[BlackFideId "24116068"]
[EventDate "2016.06.17"]

1. Nf3 Nf6 2. c4 g6 3. Nc3 d5 4. cxd5 Nxd5 5. e4 Nxc3 6. bxc3 Bg7 7. Ba3 O-O 8.
d4 b6 9. Bc4 Nc6 10. O-O Na5 11. Bd3 c5 12. dxc5 Qc7 13. Qe2 bxc5 14. Qe3 Bg4
15. Rfc1 Rfd8 16. Bf1 Rab8 17. Qxc5 Rdc8 18. Qxe7 Qxe7 19. Bxe7 Bxc3 20. Rab1
Rxb1 21. Rxb1 Re8 22. Bb4 Bxb4 23. Rxb4 Nc6 24. Rc4 Bd7 25. h4 h6 26. Nd2 Rb8
27. Nb3 Kf8 28. Rc5 Ke7 29. Bb5 Rb6 30. f3 a6 31. Bxc6 Bxc6 32. h5 Bd7 33. hxg6
fxg6 34. Kh2 Be6 35. Rc7+ Kd6 36. Rh7 h5 37. Kg3 Bxb3 38. axb3 Kc5 39. Kf4 Kb4
40. Kg5 Kxb3 41. f4 a5 42. f5 gxf5 43. exf5 a4 44. Ra7 Rb5 45. Kg6 a3 46. f6 Rb6
47. Ra5 a2 48. Kg5 h4 49. f7 Rb8 50. Kf6 Kb2 51. Kg7 a1=Q 52. Rxa1 Kxa1 53. f8=Q
Rxf8 54. Kxf8 Kb2 55. Kg7 Kc3 56. Kf6 Kd4 57. Kg5 1-0

[Event "Grand Chess Tour 2016"]
[Site "Leuven"]
[Date "17.06.2016"][Round "2R"]
[White "Anand, Viswanathan"]
[Black "Aronian, Levon"]
[Result "1/2-1/2"]
[WhiteTitle "GM"]
[BlackTitle "GM"]
[WhiteElo "2770"]
[BlackElo "2792"]
[WhiteFideId "5000017"]
[BlackFideId "13300474"]
[EventDate "2016.06.17"]

1. e4 e5 2. Nf3 Nc6 3. Bb5 Nf6 4. O-O Nxe4 5. Re1 Nd6 6. Nxe5 Be7 7. Bf1 Nxe5 8.
Rxe5 O-O 9. Nc3 Ne8 10. Nd5 Bd6 11. Re1 c6 12. Ne3 Be7 13. c4 Nc7 14. d4 d5 15.
cxd5 Nxd5 16. Nxd5 cxd5 17. Bf4 Be6 18. Qb3 Bf6 19. Be5 Bxe5 20. Rxe5 Qb6 21.
Qxb6 axb6 22. Re3 Rfc8 23. Rb3 Rc6 24. Bb5 Rc7 25. Rb4 Kf8 26. Bd3 Rc6 27. Kf1
Ke7 28. Ke1 Bd7 29. Kd2 Rf6 30. f3 Kd8 31. a3 Re6 32. h4 h6 33. Rc1 Rc8 34.
Rxc8+ Kxc8 35. Rb3 Kc7 36. Rc3+ Rc6 37. Rxc6+ bxc6 38. Kc3 c5 39. b3 g5 40. g3
Kd6 41. f4 f6 42. a4 c4 43. Bc2 cxb3 44. Kxb3 gxf4 45. gxf4 Bc8 46. Bd3 Bd7 47.
Bc2 Bc8 48. Bd3 Bd7 1/2-1/2

[Event "Grand Chess Tour 2016"]
[Site "Leuven"]
[Date "17.06.2016"][Round "2R"]
[White "Giri, Anish"]
[Black "Caruana, Fabiano"]
[Result "1/2-1/2"]
[WhiteTitle "GM"]
[BlackTitle "GM"]
[WhiteElo "2782"]
[BlackElo "2804"]
[WhiteFideId "24116068"]
[BlackFideId "2020009"]
[EventDate "2016.06.17"]

1. e4 e5 2. Nf3 Nc6 3. Bc4 Bc5 4. O-O Nf6 5. d3 d6 6. c3 a6 7. a4 Ba7 8. Nbd2
O-O 9. h3 Re8 10. Re1 Be6 11. Bxe6 Rxe6 12. b4 d5 13. Qc2 h6 14. Nf1 d4 15. b5
Ne7 16. cxd4 Bxd4 17. Nxd4 Qxd4 18. Be3 Qd7 19. Ng3 Rd8 20. Red1 axb5 21. axb5
Ne8 22. Rab1 b6 23. d4 exd4 24. Rxd4 Qc8 25. Ne2 Rxd4 26. Nxd4 Re5 27. f4 Rc5
28. Nc6 Rxc6 29. bxc6 Qe6 30. Rc1 Nf6 31. e5 Nfd5 32. Bd2 h5 33. Kh2 g6 34. Qc4
Qf5 35. Qd4 Qe6 36. Qc4 Qf5 37. Rd1 b5 38. Qxb5 Qc2 39. Qb1 Qxc6 40. Qe4 Qe6 41.
Bb4 Kh7 42. Bxe7 Nxe7 43. Rc1 c6 44. Qc4 Nd5 45. g3 Qe7 46. Qxc6 Qa3 47. Rg1 Ne3
48. e6 Qb2+ 49. Kh1 fxe6 50. g4 hxg4 51. Qd7+ Kh8 52. Qe8+ Kg7 53. Qe7+ Kh8 54.
Qf8+ Kh7 55. Qf7+ Kh8 56. Qe8+ Kg7 57. Qe7+ Kh8 58. Qxe6 Qf2 59. Qe8+ Kg7 60.
Qe7+ Kh6 61. Qf8+ Kh7 62. Qe7+ Kh6 63. Qg5+ Kh7 64. Qe7+ Kh6 1/2-1/2

[Event "Grand Chess Tour 2016"]
[Site "Leuven"]
[Date "17.06.2016"][Round "3R"]
[White "Caruana, Fabiano"]
[Black "Anand, Viswanathan"]
[Result "1/2-1/2"]
[WhiteTitle "GM"]
[BlackTitle "GM"]
[WhiteElo "2804"]
[BlackElo "2770"]
[WhiteFideId "2020009"]
[BlackFideId "5000017"]
[EventDate "2016.06.17"]

1. Nf3 d5 2. c4 d4 3. b4 f6 4. e3 e5 5. c5 a5 6. Qa4+ Bd7 7. b5 Bxc5 8. Bc4 Bg4
9. Bxg8 Nd7 10. Qb3 Qe7 11. Bc4 a4 12. Qc2 O-O-O 13. O-O Bxf3 14. gxf3 Nb6 15.
d3 f5 16. e4 f4 17. Kh1 Rd6 18. Rg1 Rh6 19. Nd2 Rf8 20. Nf1 Kb8 21. Bd2 Rh3 22.
Be6 Rxf3 23. Kg2 Re3 24. Bg4 f3+ 25. Kh1 Re2 26. Rg3 Rxf2 27. Kg1 Rg2+ 28. Rxg2
fxg2 29. Ng3 g6 30. Kxg2 h5 31. Be2 Bb4 32. Rf1 Bxd2 33. Qxd2 Rxf1 34. Nxf1 Qc5
35. Qb2 a3 36. Qb3 Qc1 37. Bd1 Nc8 38. Qc2 Qa1 39. Qd2 Nd6 40. b6 cxb6 41. Bb3
Qb2 42. Kh3 Nb5 43. Kh4 Nc3 44. Kg5 Qb1 45. Ng3 Qg1 46. Kxg6 h4 47. Qg5 hxg3 48.
hxg3 Qe3 49. Qxe5+ Ka7 50. Bc4 b5 51. Qc5+ Ka6 52. Qxa3+ Kb6 53. Qd6+ Ka7 54.
Qc5+ Ka6 55. Qd6+ Ka7 56. Qc5+ Ka6 57. Qd6+ 1/2-1/2

[Event "Grand Chess Tour 2016"]
[Site "Leuven"]
[Date "17.06.2016"][Round "3R"]
[White "Kramnik, Vladimir"]
[Black "Topalov, Veselin"]
[Result "0-1"]
[WhiteTitle "GM"]
[BlackTitle "GM"]
[WhiteElo "2812"]
[BlackElo "2761"]
[WhiteFideId "4101588"]
[BlackFideId "2900084"]
[EventDate "2016.06.17"]

1. Nf3 d5 2. g3 g6 3. Bg2 Bg7 4. d4 Nh6 5. O-O Nf5 6. c3 Nd7 7. Nbd2 Nd6 8. Re1
Nf6 9. Ne5 O-O 10. f3 Nd7 11. Nxd7 Bxd7 12. e4 dxe4 13. Nxe4 b6 14. Nf2 c5 15.
Bg5 Re8 16. dxc5 bxc5 17. Bxe7 Rxe7 18. Qxd6 Bf8 19. Qd2 Be6 20. Qf4 Qb6 21. Re2
Bf5 22. Rxe7 Bxe7 23. Re1 Bd6 24. Qc4 Qxb2 25. f4 Rf8 26. Bd5 Kg7 27. a4 h5 28.
Be4 Be6 29. Qd3 Rd8 30. Bxg6 c4 31. Qc2 Ba3 32. Re2 Qxc2 33. Bxc2 Bb2 34. Bf5
Bxf5 35. Rxb2 Re8 36. Rb4 Re1+ 37. Kg2 Be6 38. Rb5 Kg6 39. Rg5+ Kh6 40. Rc5 Ra1
41. a5 Kg6 42. h3 Ra3 43. Ne4 f6 44. Kf2 Bxh3 45. Rc6 Rxa5 46. Rxf6+ Kg7 47. Rc6
Ra2+ 48. Ke3 Rg2 49. Rc7+ Kg6 50. Rxa7 Bf5 51. Ra6+ Kg7 52. Nd6 Bd3 53. f5 Rxg3+
54. Kf4 Rg1 55. Ra7+ Kh6 56. Nf7+ Kg7 57. Ng5+ Kg8 58. f6 Rg4+ 59. Ke5 Rxg5+ 60.
Ke6 Be4 61. Rc7 Bd5+ 62. Ke7 Rf5 63. Rd7 Kh7 64. Rd6 h4 65. Kf8 h3 66. Rd7+ Kg6
67. Rg7+ Kxf6 68. Rf7+ 0-1

[Event "Grand Chess Tour 2016"]
[Site "Leuven"]
[Date "17.06.2016"][Round "4R"]
[White "Giri, Anish"]
[Black "Topalov, Veselin"]
[Result "1/2-1/2"]
[WhiteTitle "GM"]
[BlackTitle "GM"]
[WhiteElo "2782"]
[BlackElo "2761"]
[WhiteFideId "24116068"]
[BlackFideId "2900084"]
[EventDate "2016.06.17"]

1. e4 e5 2. Nf3 Nc6 3. Bc4 Bc5 4. O-O Nf6 5. d3 d6 6. c3 h6 7. Nbd2 O-O 8. Re1
Re8 9. Nf1 Bb6 10. Ng3 Na5 11. Bb5 Bd7 12. Bxd7 Qxd7 13. d4 Nc6 14. h3 Rad8 15.
d5 Ne7 16. Nh4 c6 17. c4 cxd5 18. cxd5 Rc8 19. Qd3 Kh7 20. Be3 Bxe3 21. Qxe3 a6
22. Rac1 Red8 23. b3 Ng6 24. Nxg6 fxg6 25. f3 Rxc1 26. Rxc1 Rc8 27. Rc3 Qd8 28.
Ne2 Rxc3 29. Qxc3 Qb6+ 30. Kf1 Nh5 31. b4 Qb5 32. Ke1 g5 33. a3 Nf4 34. Nxf4
gxf4 35. Qc8 Qd3 36. Qf5+ Kg8 37. Qe6+ Kh7 38. Qf5+ Kg8 39. Qe6+ Kh7 1/2-1/2

[Event "Grand Chess Tour 2016"]
[Site "Leuven"]
[Date "17.06.2016"][Round "5R"]
[White "Kramnik, Vladimir"]
[Black "Giri, Anish"]
[Result "1/2-1/2"]
[WhiteTitle "GM"]
[BlackTitle "GM"]
[WhiteElo "2812"]
[BlackElo "2782"]
[WhiteFideId "4101588"]
[BlackFideId "24116068"]
[EventDate "2016.06.17"]

1. Nf3 d5 2. g3 g6 3. Bg2 Bg7 4. d4 Nf6 5. O-O O-O 6. c4 dxc4 7. Na3 c5 8. dxc5
c3 9. Nd4 Nfd7 10. bxc3 Nxc5 11. Bg5 Nba6 12. Rb1 Re8 13. Nc4 h6 14. Be3 Bg4 15.
Qc1 e5 16. h3 exd4 17. cxd4 Bxe2 18. dxc5 Bxf1 19. Qxf1 Rxe3 20. Nxe3 Nxc5 21.
Bxb7 Nxb7 22. Rxb7 Rc8 23. Qb5 Rc1+ 24. Kg2 Rc7 25. Qa5 Rc8 26. Rxa7 Bd4 27.
Qxd8+ Rxd8 28. Ra3 Bc5 29. Rc3 Bxe3 30. Rxe3 Rd2 31. a3 h5 32. h4 Kg7 33. Kf3
Ra2 34. Rd3 f6 35. Rd7+ Kh6 36. Ra7 g5 37. Ra6 gxh4 38. gxh4 Kg6 39. Ra8 Rc2 40.
Ra4 Kf5 41. Rf4+ Ke5 42. Re4+ Kf5 43. a4 Ra2 44. Rf4+ Ke5 45. Kg3 Ra3+ 46. f3
Ra1 47. Rb4 Rg1+ 48. Kf2 Ra1 49. Rb5+ Kf4 50. Rb4+ Ke5 51. Kg2 f5 52. Kf2 f4 53.
Re4+ Kf5 54. Rc4 Ra2+ 55. Kg1 Ra1+ 56. Kf2 Ra2+ 57. Ke1 Ke5 58. Kd1 Ra3 59. Ke2
Re3+ 60. Kf2 Ra3 61. Re4+ Kf5 62. Rb4 Ke5 63. Kg2 Ra2+ 64. Kh3 Ra1 65. Rb5+ Kd4
66. Rxh5 Ke3 67. Kg4 Rg1+ 68. Kf5 Ra1 69. Rh8 Kxf3 70. Rb8 Rxa4 71. Rb3+ Kg2 72.
h5 f3 73. h6 1/2-1/2

[Event "Grand Chess Tour 2016"]
[Site "Leuven"]
[Date "18.06.2016"][Round "6R"]
[White "Aronian, Levon"]
[Black "Kramnik, Vladimir"]
[Result "1/2-1/2"]
[WhiteTitle "GM"]
[BlackTitle "GM"]
[WhiteElo "2792"]
[BlackElo "2812"]
[WhiteFideId "13300474"]
[BlackFideId "4101588"]
[EventDate "2016.06.17"]

1. c4 e6 2. g3 d5 3. Bg2 Nf6 4. Nf3 Be7 5. O-O O-O 6. d4 dxc4 7. Qc2 a6 8. a4
Bd7 9. Qxc4 Bc6 10. Bg5 Nbd7 11. Nbd2 a5 12. Rfd1 h6 13. Bxf6 Nxf6 14. Ne5 Bxg2
15. Kxg2 Qd5+ 16. f3 c5 17. e4 Qxd4 18. Qxd4 cxd4 19. Nb3 Rfd8 20. Rxd4 Rxd4 21.
Nxd4 Rd8 22. Nb3 g5 23. Kf1 h5 24. h3 g4 25. hxg4 hxg4 26. Nxg4 Nxg4 27. fxg4 b6
28. Ke2 Bf6 29. Rb1 Kg7 30. Nd2 Rd4 31. b3 Be7 32. Rf1 Bb4 33. Nc4 Rxe4+ 34. Kd3
Re1 35. Rxe1 Bxe1 36. Nxb6 1/2-1/2

[Event "Grand Chess Tour 2016"]
[Site "Leuven"]
[Date "18.06.2016"][Round "7R"]
[White "Kramnik, Vladimir"]
[Black "Anand, Viswanathan"]
[Result "1-0"]
[WhiteTitle "GM"]
[BlackTitle "GM"]
[WhiteElo "2812"]
[BlackElo "2770"]
[WhiteFideId "4101588"]
[BlackFideId "5000017"]
[EventDate "2016.06.17"]

1. Nf3 d5 2. g3 Nf6 3. Bg2 e6 4. O-O Be7 5. c4 O-O 6. b3 c5 7. Bb2 Nc6 8. cxd5
Nxd5 9. Nc3 Nxc3 10. Bxc3 Bd7 11. Qb1 Rc8 12. Rd1 Bf6 13. d4 Qe7 14. Qb2 cxd4
15. Nxd4 b6 16. Nxc6 Bxc6 17. Bxf6 Qxf6 18. Qxf6 gxf6 19. Rac1 Bxg2 20. Kxg2
Rxc1 21. Rxc1 Rd8 22. Rc7 Rd2 23. Rxa7 Rxe2 24. Kf3 Rb2 25. g4 Kg7 26. h4 e5 27.
Ra6 Kg6 28. Rxb6 Rxa2 29. g5 Kh5 30. Rxf6 Kxh4 31. Rxf7 Kxg5 32. Rxh7 Rb2 33.
Rb7 Kf5 34. Ke3 Rc2 35. Kd3 Ra2 36. Rc7 Rb2 37. Kc3 Ra2 38. Rd7 Kf4 39. Rd2 Ra8
40. b4 Rc8+ 41. Kb3 Rb8 42. Rd6 Ke4 43. Rd2 Kf3 44. Rb2 e4 45. Ra2 Rh8 46. b5
Rh2 47. b6 Rh6 48. Ra6 Rh1 49. Kc2 Rh6 50. Ra3+ Kxf2 51. b7 1-0

[Event "Grand Chess Tour 2016"]
[Site "Leuven"]
[Date "18.06.2016"][Round "7R"]
[White "Caruana, Fabiano"]
[Black "Aronian, Levon"]
[Result "0-1"]
[WhiteTitle "GM"]
[BlackTitle "GM"]
[WhiteElo "2804"]
[BlackElo "2792"]
[WhiteFideId "2020009"]
[BlackFideId "13300474"]
[EventDate "2016.06.17"]

1. e4 e5 2. Nf3 Nc6 3. Bb5 Nf6 4. d3 Bc5 5. Bxc6 dxc6 6. Nbd2 Be6 7. Qe2 Bd6 8.
Ng5 Bg4 9. f3 Bh5 10. Nc4 Nd7 11. h4 h6 12. Nh3 Qe7 13. g4 Bg6 14. h5 Bh7 15.
Bd2 f6 16. Ne3 Qf7 17. f4 O-O-O 18. Nf5 Nc5 19. Be3 Ne6 20. Nxd6+ cxd6 21. f5
Nc5 22. a4 Qc7 23. O-O a5 24. Rfb1 Na6 25. c3 Bg8 26. b4 c5 27. bxa5 Qxa5 28.
Qc2 d5 29. Nf2 Bf7 30. Rb5 Qc7 31. Rab1 d4 32. Bd2 Be8 33. R5b2 dxc3 34. Rxb7
Qxb7 35. Rxb7 Kxb7 36. Bxc3 Ka7 37. Bd2 Bf7 38. Nd1 Rd7 39. Nc3 Rc8 40. Qb1 Bc4
41. dxc4 Rxd2 42. Qb5 Rd6 43. Kf2 Rb8 44. Ke2 Ka8 45. Qa5 Rb2+ 46. Ke1 Kb7 47.
Nd5 Ka7 48. Kd1 Rb4 49. Ke2 Rb2+ 50. Kd1 Rb4 51. Kc2 Rxc4+ 52. Nc3 Rb6 53. Kd3
Rd4+ 54. Kc2 Rc4 55. Kd3 Rcb4 56. Nd5 Rd4+ 57. Kc2 Rc4+ 58. Kd3 Rd4+ 59. Kc3 Rb7
60. Qd8 Nc7 61. Qd6 Na6 62. a5 c4 63. Qc6 Rb3+ 64. Kc2 Rxd5 65. Qxc4 Rdb5 66. g5
Rc5 67. Kxb3 Rxc4 68. Kxc4 hxg5 0-1

[Event "Grand Chess Tour 2016"]
[Site "Leuven"]
[Date "18.06.2016"][Round "7R"]
[White "Topalov, Veselin"]
[Black "So, Wesley"]
[Result "0-1"]
[WhiteTitle "GM"]
[BlackTitle "GM"]
[WhiteElo "2761"]
[BlackElo "2770"]
[WhiteFideId "2900084"]
[BlackFideId "5202213"]
[EventDate "2016.06.17"]

1. c4 g6 2. e4 e5 3. d4 Nf6 4. dxe5 Nxe4 5. Qd4 Nc5 6. Nc3 Ne6 7. Qe4 Bg7 8. Be3
Nc6 9. f4 O-O 10. O-O-O d6 11. c5 Ne7 12. cxd6 cxd6 13. Rxd6 Qc7 14. g4 Nc5 15.
Qc4 b6 16. Bxc5 bxc5 17. h3 Rb8 18. Qe2 Rb4 19. Qd2 Rd4 20. Rxd4 cxd4 21. Qxd4
Rd8 22. Qf2 Nd5 23. Ne2 Nb4 24. Kb1 Nd3 25. Qh4 Bb7 26. Rh2 Rb8 27. b3 Nxf4 28.
Nxf4 Qxc3 0-1

[Event "Grand Chess Tour 2016"]
[Site "Leuven"]
[Date "18.06.2016"][Round "8R"]
[White "Caruana, Fabiano"]
[Black "Kramnik, Vladimir"]
[Result "1-0"]
[WhiteTitle "GM"]
[BlackTitle "GM"]
[WhiteElo "2804"]
[BlackElo "2812"]
[WhiteFideId "2020009"]
[BlackFideId "4101588"]
[EventDate "2016.06.17"]

1. e4 e5 2. Nf3 Nc6 3. Bb5 Nf6 4. d3 Bc5 5. c3 O-O 6. O-O d6 7. Nbd2 Ne7 8. d4
exd4 9. cxd4 Bb6 10. Re1 Bg4 11. h3 Bh5 12. a4 a6 13. Bf1 Nc6 14. a5 Ba7 15. Ra4
h6 16. Qc2 Re8 17. Bd3 Bg6 18. b3 Qd7 19. Bb2 Nh5 20. d5 Ne5 21. Nxe5 dxe5 22.
Nf3 Nf4 23. Nxe5 Qd6 24. Ng4 Nxd5 25. Rd1 Nf4 26. Qc3 Ne6 27. Bc2 Qc5 28. Rc4
Qg5 29. Rd5 Qh4 30. Kh2 c6 31. g3 Qe7 32. Nxh6+ Kh7 33. Nf5 cxd5 34. exd5 Qf6
35. Rh4+ Kg8 36. Nh6+ Kf8 37. Ba3+ Nc5 38. Bxc5+ Bxc5 39. Qxc5+ Qe7 40. Nf5 1-0

[Event "Grand Chess Tour 2016"]
[Site "Leuven"]
[Date "18.06.2016"][Round "9R"]
[White "Topalov, Veselin"]
[Black "Aronian, Levon"]
[Result "1-0"]
[WhiteTitle "GM"]
[BlackTitle "GM"]
[WhiteElo "2761"]
[BlackElo "2792"]
[WhiteFideId "2900084"]
[BlackFideId "13300474"]
[EventDate "2016.06.17"]

1. c4 Nf6 2. Nc3 e5 3. Nf3 Nc6 4. a3 g6 5. g3 Bg7 6. Bg2 O-O 7. O-O d6 8. d3 h6
9. Nd2 Ne7 10. b4 c6 11. e4 Be6 12. Bb2 Rc8 13. Ne2 Qd7 14. d4 Rfd8 15. Qc2 Bh3
16. Rad1 Bxg2 17. Kxg2 exd4 18. Bxd4 c5 19. Bxf6 Bxf6 20. b5 a6 21. a4 axb5 22.
axb5 Ra8 23. Nf3 Bg7 24. Nf4 Ra3 25. Rd3 Rxd3 26. Qxd3 Nc8 27. Rd1 Re8 28. Nd5
Qg4 29. Re1 Kh8 30. h3 Qd7 31. Rd1 Qd8 32. Rd2 Nb6 33. Ra2 Nxd5 34. Qxd5 Qd7 35.
Ra7 Re7 36. h4 Bf6 37. h5 g5 38. Nh2 Kg7 39. f3 Bd4 40. Ng4 Qe6 41. Qxe6 fxe6
42. Ra8 Rd7 43. Rc8 Bc3 44. Kf1 Ba5 45. Ke2 Rd8 46. Rxd8 Bxd8 47. f4 Bf6 48. Kf3
Bd4 49. f5 d5 50. cxd5 exd5 51. exd5 c4 52. Ke4 Bc5 53. f6+ Kf7 54. Ne5+ Kxf6
55. Nd7+ 1-0

[Event "Grand Chess Tour 2016"]
[Site "Leuven"]
[Date "19.06.2016"][Round "1B"]
[White "Topalov,V"]
[Black "Anand,V"]
[Result "1/2-1/2"]
[WhiteElo "2761"]
[BlackElo "2770"]
[EventDate "2016.06.17"]

1. c4 e5 2. Nc3 Bb4 3. Nd5 Bc5 4. Nf3 c6 5. Nc3 d6 6. e3 Bb4 7. Qc2 Nf6 8.
a3 Bxc3 9. Qxc3 O-O 10. d3 Re8 11. Be2 e4 12. Nd2 d5 13. O-O exd3 14. Bxd3
Nbd7 15. cxd5 Ne5 16. Be2 Nxd5 17. Qc2 Bg4 18. Bxg4 Nxg4 19. Nf3 Qf6 20.
Bd2 Qg6 21. Qb3 Rab8 22. Rad1 Ngf6 23. Bc1 h6 24. Rd4 Ne4 25. Rfd1 Re6 26.
Qc2 Rbe8 27. b4 Rf6 28. Nh4 Rxf2 29. Rxe4 Rxg2+ 30. Qxg2 Qxe4 31. Qxe4 Rxe4
32. Nf5 Re5 33. Rf1 f6 34. Kg2 Nb6 35. Nd6 Re7 36. Rd1 Rd7 37. Rd2 Nd5 38.
Nf5 g6 39. Nxh6+ Kg7 40. e4 Ne3+ 41. Kf3 Rxd2 42. Bxd2 Nc4 43. Bc1 Nxa3 44.
Nf5+ gxf5 45. Bxa3 fxe4+ 46. Kxe4 Kg6 47. Kf4 b6 48. Bc1 a5 49. bxa5 bxa5
50. Ba3 Kh5 51. Kg3 f5 52. Be7 a4 53. h3 Kg6 54. Kf4 Kh5 55. Kg3 Kg6 56.
Ba3 Kg5 57. Bc1+ Kh5 58. Ba3 Kg5 59. Bc1+ Kh5 1/2-1/2

[Event "Grand Chess Tour 2016"]
[Site "Leuven"]
[Date "19.06.2016"][Round "1B"]
[White "Caruana,F"]
[Black "Giri,A"]
[Result "1-0"]
[WhiteElo "2804"]
[BlackElo "2782"]
[EventDate "2016.06.17"]

1. Nf3 d5 2. b3 Bf5 3. Bb2 e6 4. g3 h6 5. Bg2 Nf6 6. O-O Be7 7. d3 O-O 8.
Nbd2 Bh7 9. c4 c6 10. a3 a5 11. Qc2 Nbd7 12. Bc3 b5 13. cxb5 cxb5 14. Qb2
Qb6 15. b4 axb4 16. axb4 Ra4 17. Rac1 Rfa8 18. Rc2 Ne8 19. e4 Ndf6 20. Ne5
Qb7 21. Re1 Rd8 22. Nb3 dxe4 23. Na5 Qc7 24. dxe4 Bf8 25. Nec6 Ra8 26. Rd2
Nd7 27. Red1 Nb6 28. e5 Rc8 29. h4 h5 30. Rd8 Nc4 31. Nxc4 bxc4 32. Rxc8
Qxc8 33. Rd8 Qa6 34. Rxe8 1-0

[Event "Grand Chess Tour 2016"]
[Site "Leuven"]
[Date "19.06.2016"][Round "2B"]
[White "Anand,V"]
[Black "Giri,A"]
[Result "1/2-1/2"]
[WhiteElo "2770"]
[BlackElo "2782"]
[EventDate "2016.06.17"]

1. e4 e5 2. Nf3 Nc6 3. Bc4 Bc5 4. O-O Nf6 5. d3 O-O 6. Re1 d6 7. c3 Bb6 8.
Bb3 Ne7 9. Nbd2 c6 10. Nf1 Ng6 11. Ng3 h6 12. d4 Bg4 13. h3 Bxf3 14. Qxf3
exd4 15. Nf5 dxc3 16. bxc3 d5 17. e5 Ne4 18. Rxe4 dxe4 19. Qg4 Kh7 20. Qxe4
Qc7 21. Bf4 Nxf4 22. Qxf4 f6 23. Nh4 Qxe5 24. Bc2+ Kg8 25. Bb3+ Kh7 26.
Bc2+ Kg8 27. Bb3+ 1/2-1/2

[Event "Grand Chess Tour 2016"]
[Site "Leuven"]
[Date "19.06.2016"][Round "3B"]
[White "Kramnik,V"]
[Black "Aronian,L"]
[Result "1-0"]
[WhiteElo "2812"]
[BlackElo "2792"]
[EventDate "2016.06.17"]

1. Nf3 d5 2. g3 Nf6 3. Bg2 e6 4. O-O Be7 5. d3 O-O 6. Bf4 Nc6 7. d4 b6 8.
c4 Bb7 9. Nc3 Na5 10. cxd5 Nxd5 11. Nxd5 Bxd5 12. Qc2 Rc8 13. e4 Bb7 14.
Rad1 Qd7 15. Ne5 Qb5 16. Rfe1 Rfd8 17. Bh3 Bb4 18. Re3 Bd6 19. d5 Bxe5 20.
Bxe5 Nc4 21. Rb3 Qa4 22. Rd4 Ba6 23. dxe6 Rxd4 24. Bxd4 Rd8 25. exf7+ Kf8
26. Qc3 Ne5 27. Bc5+ bxc5 28. Qxc5+ Rd6 29. Qxe5 Rd1+ 30. Bf1 Bxf1 31. Qc5+
Kxf7 32. Rf3+ Ke6 33. Qf5+ Kd6 34. Qf8+ Kc6 35. Qe8+ Kb7 36. Qxa4 1-0

[Event "Grand Chess Tour 2016"]
[Site "Leuven"]
[Date "19.06.2016"][Round "4B"]
[White "Aronian,L"]
[Black "Caruana,F"]
[Result "1-0"]
[WhiteElo "2792"]
[BlackElo "2804"]
[EventDate "2016.06.17"]

1. d4 Nf6 2. c4 e6 3. Nc3 Bb4 4. Nf3 O-O 5. Bg5 h6 6. Bh4 c5 7. Rc1 cxd4 8.
Nxd4 Nc6 9. e3 b6 10. Ndb5 a6 11. Nd6 Qe7 12. Nde4 g5 13. Nxf6+ Qxf6 14.
Bg3 d5 15. h4 g4 16. Qxg4+ Kh8 17. Qg5 Bxc3+ 18. bxc3 Qxf2+ 19. Kxf2 hxg5
20. hxg5+ Kg7 21. cxd5 exd5 22. c4 Be6 23. cxd5 Bxd5 24. Bd3 Rh8 25. Rxh8
Kxh8 26. e4 Nb4 27. Rh1+ Kg8 28. exd5 Nxd3+ 29. Ke3 Nb4 30. Be5 f6 31. Bxf6
Nxd5+ 32. Ke4 Nxf6+ 33. gxf6 Rc8 34. Kf5 Rc5+ 1-0

[Event "Grand Chess Tour 2016"]
[Site "Leuven"]
[Date "19.06.2016"][Round "4B"]
[White "Topalov,V"]
[Black "Kramnik,V"]
[Result "1/2-1/2"]
[WhiteElo "2761"]
[BlackElo "2812"]
[EventDate "2016.06.17"]

1. c4 e6 2. Nf3 d5 3. b3 Nf6 4. Bb2 c5 5. e3 Nc6 6. cxd5 exd5 7. Be2 d4 8.
Bb5 Bd6 9. exd4 O-O 10. Bxc6 bxc6 11. O-O cxd4 12. Bxd4 Bg4 13. h3 Bh5 14.
Nc3 Re8 15. d3 Bc7 16. Bxf6 Qxf6 17. Ne4 Qf4 18. Qc1 Rad8 19. Qxf4 Bxf4 20.
Rad1 f5 21. Ng3 Bxf3 22. gxf3 g6 23. Kg2 Kf7 24. d4 Bg5 25. Rd3 h5 26. Rfd1
h4 27. Nf1 Re2 28. Nd2 Rd5 29. Kf1 Rxd2 30. R1xd2 Bxd2 31. Rxd2 c5 32. Ke2
cxd4 33. Kd3 g5 34. b4 Kf6 35. Re2 Rd7 36. a4 g4 37. fxg4 fxg4 38. Re4 Rg7
39. Kxd4 g3 40. fxg3 hxg3 41. Re1 Kg5 42. b5 Kh4 43. a5 g2 44. Rg1 Kxh3 45.
b6 a6 46. Kc5 Rg5+ 47. Kc6 Rxa5 48. Kb7 Ra2 49. Ka7 Kh2 50. Rxg2+ Kxg2 51.
b7 Rb2 52. Kxa6 1/2-1/2

[Event "Grand Chess Tour 2016"]
[Site "Leuven"]
[Date "19.06.2016"][Round "5B"]
[White "Caruana,F"]
[Black "Topalov,V"]
[Result "0-1"]
[WhiteElo "2804"]
[BlackElo "2761"]
[EventDate "2016.06.17"]

1. e4 c5 2. Nf3 d6 3. d4 cxd4 4. Nxd4 Nf6 5. Nc3 a6 6. h3 e5 7. Nde2 h5 8.
g3 Be7 9. Bg2 b5 10. O-O Nbd7 11. Be3 O-O 12. Qd2 Bb7 13. a3 Rc8 14. Rfd1
Rc4 15. f3 Qa8 16. b3 Rc7 17. g4 Rfc8 18. g5 Nh7 19. h4 Nhf8 20. Rac1 Ng6
21. Qe1 Ndf8 22. Bh3 Ne6 23. Rd3 Bf8 24. Nd5 Bxd5 25. exd5 Nc5 26. Bxc5
Rxc5 27. Bxc8 Qxc8 28. c3 a5 29. Re3 a4 30. bxa4 bxa4 31. Re4 Rxd5 32. Kg2
Rb5 33. Rb4 Rc5 34. Rxa4 d5 35. Rd1 Qc6 36. Rb4 d4 37. cxd4 Rc2 38. Rd2
Bxb4 39. axb4 Nxh4+ 40. Kh3 Qxf3+ 41. Ng3 Qg4+ 0-1